Normal view MARC view
  • Hoffer, Jeffrey A.

Entry Personal Name

Number of records used in: 3

001 - CONTROL NUMBER

  • control field: 20968

003 - CONTROL NUMBER IDENTIFIER

  • control field: NUST

005 - DATE AND TIME OF LATEST TRANSACTION

  • control field: 20190919184748.0

008 - FIXED-LENGTH DATA ELEMENTS

  • fixed length control field: 190919|| aca||aabn | a|a d

040 ## - CATALOGING SOURCE

  • Original cataloging agency: NUST
  • Transcribing agency: NUST

100 ## - HEADING--PERSONAL NAME

  • Personal name: Hoffer, Jeffrey A.

670 ## - SOURCE DATA FOUND

  • Source citation: Work cat.: (NUST)0: McFadden, Fred R., 1933- 20967, Modern database management /, c1998.
© 2023 Central Library, National University of Sciences and Technology. All Rights Reserved.